Inšpirátor modernej slovenskej scénografie Národný umelec Ladislav Vychodil šesťdesiatročný

Podrobná bibliografia
Hlavný autor: Fiala, Leopold, 1921-1996 (Autor)
Médium: Článok
Jazyk:slovenčina
Fyzický popis:Obr. 1.
Predmet:

MARC

LEADER 00000nab a2200000 a 4500
001 vtls000055136
003 SK-MaSNL
005 20260305021421.0
008 111103c1980 xo 0 slo
015 |a SNBRB19rr/mm-uuuuu 
035 |a CL0065233 
040 |a SNKBUCL  |b slo  |c SNKBUCL  |e AACR2 
041 0 |a slo 
044 |a xo  |c SK 
080 |a 792.07  |2 1981 
080 |a 75  |2 1981 
100 1 |a Fiala, Leopold,  |d 1921-1996  |4 aut  |9 160379 
245 1 0 |a Inšpirátor modernej slovenskej scénografie  |b Národný umelec Ladislav Vychodil šesťdesiatročný  |c F-a 
300 |b Obr. 1. 
650 0 7 |a Vychodil, Ladislav  |2 snkbucl  |9 926908 
655 7 |a články z novín a časopisov  |2 snkbucl  |9 267496 
773 0 |t Hlas ľudu  |g Roč. 26, č. 50 (28. 2. 1980), s. 2 
850 |a Slovenská národná knižnica v Martine  |a MTA001 
852 |a SNK  |b KIS3GCP 
958 |a RK 
992 |a RBX 
999 |c 3285805  |d 3287735